000 00863nam a22002655i 4500
001 10922
003 ES-MaACL
005 20230906150006.0
007 t|
008 921112s1992 sp ||||0| spa j
020 _a84-7738-155-0
040 _aM-BN
_bspa
_cM-BN
080 _a658.21
100 1 _aPrecedo Ledo, Andrés.
_993730
245 1 3 _aLa localización industrial /
_cAndrés Precedo Ledo, Montserrat Villarino Pérez.
260 _aMadrid :
_bSíntesis,
_cD.L. 1992.
300 _a256 p ;
_c22 cm.
490 1 _aEspacios y sociedades. Serie general ;
_vn. 18
504 _aBibliografía: p. 253-253.
650 1 4 _aLocalización industrial.
_914690
700 1 _aVillarino Pérez, Montserrat.
_9115127
830 0 _aEspacios y sociedades. Serie general ;
_vn. 18
_9178867
852 _aES-MaACL
_jL-18226
_bR.121903
999 _c10922
_d10922